|
|
|
|
| LEADER |
00000nam a2200000 a 4500 |
| 001 |
vtls010283742 |
| 003 |
SK-MaSNL |
| 005 |
20260302020749.0 |
| 008 |
180809s2011 xxka f 000 0 eng |
| 020 |
|
|
|a 9780415490092
|q (set)
|
| 020 |
|
|
|a 9780415490115
|q (viaz. : 2. vol.)
|
| 040 |
|
|
|a SNK
|b slo
|c SNK
|e AACR2
|
| 041 |
0 |
|
|a eng
|
| 044 |
|
|
|a xxk
|c GB
|a xxu
|c US
|
| 072 |
|
7 |
|a 655
|x Polygrafia. Vydavateľstvá a knižný obchod
|2 konspekt
|
| 080 |
|
|
|a 655.4/.5
|2 2001
|
| 080 |
|
|
|a (410)
|2 2001
|
| 080 |
|
|
|a (048.8:082)
|2 2001
|
| 245 |
0 |
0 |
|a Book publishing
|b critical concepts in media and cultural studies
|n Volume II
|p Publishing and the book trade
|c edited by John Feather
|
| 246 |
3 |
0 |
|a Publishing and the book trade
|
| 250 |
|
|
|a 1st publ.
|
| 260 |
|
|
|a London
|a New York
|b Routledge
|c 2011
|
| 300 |
|
|
|a x, 360 s.
|b ilustr., sch.
|c 24 cm
|
| 490 |
1 |
|
|a Critical concepts in media and cultural studies
|
| 650 |
0 |
7 |
|a vydavateľská činnosť
|x dejiny
|2 SNKPH
|9 544445
|
| 650 |
0 |
7 |
|a knižný obchod
|2 SNKPH
|9 29140
|
| 650 |
0 |
7 |
|a Book industry
|x history
|2 SNKPHeng
|9 664166
|
| 650 |
0 |
7 |
|a Book trade
|x historySNKPHeng
|2 SNK
|9 664167
|
| 651 |
|
7 |
|a Veľká Británia
|2 SNKPHeng
|9 20930
|
| 651 |
|
7 |
|a Great Britain
|2 SNKPHeng
|9 288462
|
| 655 |
|
7 |
|a kolektívne monografie
|2 SNKPH
|9 249850
|
| 655 |
|
7 |
|a Collective monographs
|2 SNKPHeng
|9 125747
|
| 700 |
1 |
|
|a Feather, John,
|d 1947-
|4 com
|9 351429
|
| 830 |
|
0 |
|a Critical concepts in media and cultural studies
|9 351430
|
| 919 |
|
|
|a 978-0-415-49011-5
|
| 999 |
|
|
|c 1026257
|d 1028187
|
| 952 |
|
|
|a SNK
|b SNK
|y VYP
|7 0
|p 17A0704193
|o snkIC 139555/2
|i snk2011/12989
|8 3
|g 224.75
|0 0
|1 0
|4 0
|d 2011-06-06
|l 0
|r 2026-02-24 13:39:10
|w 2026-02-24
|